[Event "Titled Tuesday intern op 23rd Apr Late"]
[Site "Chess.com INT"]
[Date "2024.04.23"]
[Round "2"]
[White "Omelja, Artem"]
[Black "Kohler, Aran"]
[Result "1-0"]
[WhiteElo "2444"]
[BlackElo "2019"]
[PlyCount "105"]
[EventDate "2024.04.23"]
[EventType "swiss (blitz)"]
[EventRounds "11"]
[EventCountry "USA"]
[SourceTitle "CB18_2024"]
[SourceDate "2024.05.01"]
[SourceVersion "1"]
[SourceVersionDate "2024.05.01"]
[SourceQuality "2"]

1. e4 c6 2. Ne2 d5 3. e5 c5 4. d4 Nc6 5. dxc5 Nxe5 6. b4 Bf5 7. Nd4 Bd7 8. Bb2 Nc4 9. Bc3 e5 10. Nf3 f6 11. Qxd5 b5 12. c6 Bf5 13. Qxb5 Nd6 14. c7+ Qd7 15. Qa5 Rc8 16. Qxa7 Rxc7 17. Qa8+ Rc8 18. Qd5 Bxc2 19. Bd2 Ne7 20. Qa5 Nc6 21. Qa3 e4 22. Be2 exf3 23. Bxf3 Nd4 24. 0-0 Nxf3+ 25. Qxf3 Be4 26. Re1 Qe6 27. Qe2 f5 28. f3 Be7 29. fxe4 Nxe4 30. Nc3 0-0 31. Nxe4 fxe4 32. Qxe4 Qb6+ 33. Be3 Qc7 34. a4 Bf6 35. Rac1 Qd7 36. b5 Rfe8 37. Rxc8 Qxc8 38. Qd5+ Kh8 39. b6 Qc3 40. Qd2 Qxd2 41. Bxd2 Bd4+ 42. Kf1 Rxe1+ 43. Kxe1 Bxb6 44. a5 Ba7 45. Ke2 Kg8 46. Be3 Bb8 47. a6 Kf7 48. a7 Bxa7 49. Bxa7 g5 50. Kf3 Kg6 51. g4 h5 52. h3 hxg4+ 53. hxg4 1-0

[Event "Titled Tuesday intern op 06th Feb Early"]
[Site "Chess.com INT"]
[Date "2024.02.06"]
[Round "2"]
[White "Kopczynski, Michal"]
[Black "Kohler, Aran"]
[Result "1-0"]
[WhiteElo "2225"]
[BlackElo "2029"]
[PlyCount "57"]
[EventDate "2024.02.06"]
[EventType "swiss (blitz)"]
[EventRounds "11"]
[EventCountry "USA"]
[SourceTitle "CB07_2024"]
[SourceDate "2024.02.14"]
[SourceVersion "1"]
[SourceVersionDate "2024.02.14"]
[SourceQuality "1"]

1. e4 c5 2. d4 d6 3. dxc5 Qa5+ 4. Nc3 Qxc5 5. Be3 Qa5 6. Qd2 Nc6 7. 0-0-0 Nf6 8. f3 e6 9. g4 Be7 10. g5 Nd7 11. h4 a6 12. h5 Nde5 13. Qg2 b5 14. f4 b4 15. Nb1 Qxa2 16. fxe5 Nxe5 17. g6 hxg6 18. hxg6 Rxh1 19. gxf7+ Kxf7 20. Qxh1 Bd7 21. Nf3 Nxf3 22. Qxf3+ Kg8 23. e5 d5 24. Bd3 b3 25. c3 Rc8 26. Qh5 Ba3 27. Bh7+ Kf8 28. Rf1+ Ke7 29. Bg5# 1-0

[Event "Titled Tuesday intern op 19th Dec Early"]
[Site "Chess.com INT"]
[Date "2023.12.19"]
[Round "6"]
[White "Vargas Pereda, Jesus Manuel"]
[Black "Kohler, Aran"]
[Result "0-1"]
[WhiteElo "1883"]
[BlackElo "2024"]
[PlyCount "68"]
[EventDate "2023.12.19"]
[EventType "swiss (blitz)"]
[EventRounds "11"]
[EventCountry "USA"]
[SourceTitle "CB52_2023"]
[SourceDate "2023.12.27"]
[SourceVersion "1"]
[SourceVersionDate "2023.12.27"]
[SourceQuality "1"]

1. e4 g6 2. d4 Bg7 3. Nc3 d6 4. f3 a6 5. Be3 Nd7 6. Qd2 e5 7. Nge2 Ngf6 8. g4 h5 9. g5 Nh7 10. 0-0-0 b5 11. Kb1 Rb8 12. Ng3 0-0 13. f4 exf4 14. Bxf4 Bb7 15. Qe2 Re8 16. Bg2 b4 17. Na4 Nxg5 18. Nxh5 Nxe4 19. Nxg7 Nc3+ 20. Nxc3 Rxe2 21. Nxe2 Bxg2 22. Rhg1 Bf3 23. Nf5 Bxe2 24. Rde1 Bh5 25. Ne7+ Kh7 26. Bg5 Qf8 27. Nd5 Re8 28. Nxc7 Rxe1+ 29. Rxe1 Qc8 30. Nd5 Qc4 31. Ne3 Qxd4 32. a3 bxa3 33. bxa3 Qe5 34. Kc1 Qxg5 0-1

[Event "Titled Tuesday intern op 24th Oct Late"]
[Site "Chess.com INT"]
[Date "2023.10.24"]
[Round "6"]
[White "Kohler, Aran"]
[Black "Ghosh, Chanchal Kumer"]
[Result "1-0"]
[WhiteElo "2020"]
[BlackElo "2026"]
[PlyCount "81"]
[EventDate "2023.10.24"]
[EventType "swiss (blitz)"]
[EventRounds "11"]
[EventCountry "USA"]
[SourceTitle "Mega2024 Update 01"]
[Source "Chessbase"]
[SourceDate "2023.11.12"]
[SourceVersion "1"]
[SourceVersionDate "2023.11.12"]
[SourceQuality "1"]

1. e4 c5 2. Nc3 d6 3. a3 e6 4. Bc4 Nf6 5. d3 Nc6 6. Ba2 Be7 7. f4 0-0 8. Nf3 a6 9. 0-0 b5 10. Kh1 Bb7 11. Qe1 Nd4 12. Nxd4 cxd4 13. Ne2 e5 14. f5 Ng4 15. Ng3 Bh4 16. Qe2 Nf6 17. Nh5 h6 18. g3 Bg5 19. Bxg5 hxg5 20. Nxf6+ Qxf6 21. c3 dxc3 22. bxc3 Rac8 23. Rac1 Qh6 24. Qg4 Rc7 25. Rc2 Rfc8 26. Rfc1 a5 27. c4 bxc4 28. dxc4 g6 29. f6 Qh5 30. Qxh5 Bxe4+ 31. Kg1 gxh5 32. Rd2 d5 33. Re1 Kh7 34. cxd5 Bf5 35. Rxe5 Kg6 36. d6 Rc1+ 37. Kf2 R8c2 38. Ree2 Rxd2 39. Rxd2 Rc2 40. Rxc2 Bxc2 41. d7 1-0

[Event "Titled Tuesday intern op 24th Oct Late"]
[Site "Chess.com INT"]
[Date "2023.10.24"]
[Round "11"]
[White "Kohler, Aran"]
[Black "Su, Dion"]
[Result "1/2-1/2"]
[WhiteElo "2020"]
[BlackElo "1922"]
[PlyCount "114"]
[EventDate "2023.10.24"]
[EventType "swiss (blitz)"]
[EventRounds "11"]
[EventCountry "USA"]
[SourceTitle "Mega2024 Update 01"]
[Source "Chessbase"]
[SourceDate "2023.11.12"]
[SourceVersion "1"]
[SourceVersionDate "2023.11.12"]
[SourceQuality "1"]

1. e4 e6 2. d4 d5 3. Nc3 Nf6 4. Bg5 Be7 5. Bxf6 Bxf6 6. e5 Be7 7. f4 0-0 8. Nf3 c5 9. Ne2 cxd4 10. Nexd4 Nc6 11. c3 f6 12. exf6 Rxf6 13. g3 Qb6 14. Rb1 Bd7 15. Bd3 Raf8 16. 0-0 a5 17. Kg2 Bc5 18. Ng5 g6 19. Ndf3 h6 20. Nh3 Qc7 21. Qe2 Qc8 22. Ne5 Nxe5 23. fxe5 Rxf1 24. Rxf1 Rxf1 25. Qxf1 d4 26. Nf4 Qc6+ 27. Kh3 dxc3 28. bxc3 Be8 29. Nxg6 Qd7 30. Qf3 Qg7 31. Qg4 Bxg6 32. Bxg6 Qxe5 33. Be4+ Kf8 34. Qf3+ Ke7 35. Bxb7 Qf5+ 36. Qxf5 exf5 37. Bc8 Kf6 38. Kg2 Ba3 39. Kf3 Bb2 40. c4 Bd4 41. h3 Bc5 42. g4 fxg4+ 43. hxg4 Ke5 44. Kg3 Kd4 45. Be6 Kc3 46. Kf4 Kd4 47. Kf5 Be7 48. Kg6 Bg5 49. Kf5 Be3 50. a4 Bg5 51. Bf7 Kc5 52. Ke4 Bc1 53. Kd3 Bg5 54. Be6 Bf4 55. Bf7 Bg5 56. Be6 Bf4 57. Bf7 Bg5 1/2-1/2

[Event "Titled Tuesday intern op 26th Sep Late"]
[Site "Chess.com INT"]
[Date "2023.09.26"]
[Round "8"]
[White "Kohler, Aran"]
[Black "Morris Suzuki, Alan H"]
[Result "1/2-1/2"]
[WhiteElo "2011"]
[BlackElo "1652"]
[PlyCount "91"]
[EventDate "2023.09.26"]
[EventType "swiss (blitz)"]
[EventRounds "11"]
[EventCountry "USA"]
[SourceTitle "EXT 2024"]
[Source "ChessBase"]
[SourceDate "2023.10.10"]
[SourceVersion "1"]
[SourceVersionDate "2023.10.10"]
[SourceQuality "1"]

1. d4 Nf6 2. c3 g6 3. Bg5 Ne4 4. h4 c5 5. e3 Bg7 6. Bf4 Qb6 7. Qb3 d5 8. Bxb8 Rxb8 9. Bb5+ Kf8 10. Be2 c4 11. Qxb6 axb6 12. Nd2 Nd6 13. h5 b5 14. a3 Bd7 15. h6 Bf6 16. g4 Nc8 17. f4 e6 18. g5 Be7 19. e4 Nb6 20. Ngf3 Na4 21. Rb1 Bd6 22. Ne5 Ke7 23. exd5 exd5 24. Bf3 Bf5 25. Bxd5 Bxe5 26. fxe5 Bxb1 27. Nxb1 Nxb2 28. 0-0 Rhf8 29. Nd2 Na4 30. Ne4 Nb6 31. Nf6 Nxd5 32. Nxd5+ Kd7 33. Rf6 Ra8 34. Nb6+ Ke7 35. Nxa8 Rxa8 36. Rb6 Rxa3 37. Rxb7+ Ke6 38. Rxb5 Rxc3 39. Rb6+ Ke7 40. d5 Rg3+ 41. Kf2 Rxg5 42. Rb7+ Ke8 43. Rb8+ Ke7 44. Rb7+ Ke8 45. Rb8+ Ke7 46. Rb7+ 1/2-1/2

[Event "Titled Tuesday intern op 05th Sep Early"]
[Site "Chess.com INT"]
[Date "2023.09.05"]
[Round "11"]
[White "Ghosh, Chanchal Kumer"]
[Black "Kohler, Aran"]
[Result "0-1"]
[WhiteElo "2026"]
[BlackElo "2011"]
[PlyCount "86"]
[EventDate "2023.09.05"]
[EventType "swiss (blitz)"]
[EventRounds "11"]
[EventCountry "USA"]
[SourceTitle "EXT 2024"]
[Source "ChessBase"]
[SourceDate "2023.10.10"]
[SourceVersion "1"]
[SourceVersionDate "2023.10.10"]
[SourceQuality "1"]

1. e4 c6 2. Nf3 g6 3. Nc3 Bg7 4. d4 d5 5. e5 Bg4 6. Be2 f6 7. Bf4 Bxf3 8. Bxf3 fxe5 9. dxe5 e6 10. Qd2 Ne7 11. 0-0-0 0-0 12. Ne4 Rf5 13. Bg4 Qf8 14. Bxf5 Qxf5 15. Nd6 Qf8 16. Nxb7 Nd7 17. Rhe1 Rb8 18. Nd6 Nc5 19. f3 Nf5 20. Nxf5 exf5 21. Kb1 Ne6 22. Bg5 Qa3 23. c3 Nxg5 24. Ka1 Qe7 25. h4 Ne6 26. g3 a5 27. f4 a4 28. a3 Rb3 29. Ka2 h6 30. Qe3 Qb7 31. Rd2 Qb5 32. Red1 Kf7 33. Qf3 h5 34. Qf2 Qc4 35. Ka1 Qc5 36. Qe2 Qb6 37. Qd3 Nc5 38. Qe3 Ke6 39. Qf2 Rb5 40. g4 Nb3+ 41. Kb1 Nxd2+ 42. Rxd2 Qxf2 43. Rxf2 hxg4 0-1

[Event "Titled Tuesday intern op 29th Aug Early"]
[Site "Chess.com INT"]
[Date "2023.08.29"]
[Round "6"]
[White "Kahlert, Thomas"]
[Black "Kohler, Aran"]
[Result "1/2-1/2"]
[WhiteElo "2134"]
[BlackElo "2011"]
[PlyCount "90"]
[EventDate "2023.08.29"]
[EventType "swiss (blitz)"]
[EventRounds "11"]
[EventCountry "USA"]
[SourceTitle "EXT 2024"]
[Source "ChessBase"]
[SourceDate "2023.10.10"]
[SourceVersion "1"]
[SourceVersionDate "2023.10.10"]
[SourceQuality "1"]

1. c4 e5 2. Nc3 Nf6 3. Nf3 e4 4. Nd4 c6 5. g3 d5 6. cxd5 cxd5 7. d3 Bc5 8. Nb3 Bb4 9. Bg2 d4 10. a3 dxc3 11. axb4 cxb2 12. Bxb2 exd3 13. Qxd3 Qxd3 14. exd3 Nbd7 15. 0-0 0-0 16. Nc5 Nxc5 17. bxc5 a5 18. Rfe1 a4 19. Bxf6 gxf6 20. Re7 a3 21. Bxb7 Bxb7 22. Rxb7 Rfd8 23. Rb3 a2 24. Rc3 Kf8 25. Kf1 Rd5 26. Ke2 Ke7 27. Rc2 Kd7 28. Raxa2 Rxa2 29. Rxa2 Rxc5 30. Ra7+ Ke6 31. Ke3 Re5+ 32. Kf3 Rf5+ 33. Ke3 Re5+ 34. Kd2 Rf5 35. f4 Rh5 36. h4 Rd5 37. g4 h5 38. gxh5 Rxh5 39. Ke3 Rxh4 40. Ke4 f5+ 41. Ke3 Rh3+ 42. Ke2 Rh2+ 43. Ke3 Rh3+ 44. Ke2 Rh2+ 45. Ke3 Rh3+ 1/2-1/2

[Event "Titled Tuesday intern op 22nd Aug Late"]
[Site "Chess.com INT"]
[Date "2023.08.22"]
[Round "4"]
[White "Aqib, Javaid Butt"]
[Black "Kohler, Aran"]
[Result "0-1"]
[WhiteElo "1759"]
[BlackElo "2011"]
[PlyCount "76"]
[EventDate "2023.08.22"]
[EventType "swiss (blitz)"]
[EventRounds "11"]
[EventCountry "USA"]
[SourceTitle "EXT 2024"]
[Source "ChessBase"]
[SourceDate "2023.10.10"]
[SourceVersion "1"]
[SourceVersionDate "2023.10.10"]
[SourceQuality "1"]

1. d4 d5 2. Nf3 Nf6 3. c4 c6 4. Nc3 e6 5. e3 Nbd7 6. b3 Bb4 7. Bd2 0-0 8. Rg1 Ba3 9. Bd3 Bb2 10. Rb1 Bxc3 11. Bxc3 Ne4 12. Bb2 f5 13. h3 Qa5+ 14. Kf1 Qxa2 15. Qc2 Qa5 16. Ra1 Qc7 17. Ke2 a5 18. g4 Kh8 19. Ne5 Nxe5 20. dxe5 fxg4 21. Bxe4 dxe4 22. Rxg4 Qf7 23. Rf4 Qh5+ 24. Rg4 Bd7 25. Qxe4 Rf7 26. Qg2 Raf8 27. f4 b6 28. Rg1 c5 29. Ke1 g6 30. Rg5 Qh4+ 31. Ke2 Rc8 32. Rg4 Qh5 33. Kd2 Bc6 34. Qg3 Rd8+ 35. Kc1 Be4 36. Bc3 Rfd7 37. Rh4 Qe2 38. Rg2 Rd1# 0-1

[Event "Titled Tuesday intern op 15th Aug Early"]
[Site "Chess.com INT"]
[Date "2023.08.15"]
[Round "4"]
[White "Bochnicka, Vladimir1111"]
[Black "Kohler, Aran"]
[Result "1-0"]
[WhiteElo "2368"]
[BlackElo "2011"]
[PlyCount "89"]
[EventDate "2023.08.15"]
[EventType "swiss (blitz)"]
[EventRounds "11"]
[EventCountry "USA"]
[SourceTitle "EXT 2024"]
[Source "ChessBase"]
[SourceDate "2023.10.10"]
[SourceVersion "1"]
[SourceVersionDate "2023.10.10"]
[SourceQuality "1"]

1. e4 c5 2. Nf3 Nc6 3. d4 cxd4 4. Nxd4 Nf6 5. Nc3 e5 6. Ndb5 d6 7. Bg5 a6 8. Na3 b5 9. Nd5 Be7 10. Bxf6 Bxf6 11. c3 0-0 12. h4 Be6 13. Nc2 Ne7 14. Nxf6+ gxf6 15. Qf3 f5 16. exf5 Nxf5 17. Bd3 Ne7 18. Ne3 f5 19. h5 e4 20. Qg3+ Kh8 21. h6 Rg8 22. Qh4 Ng6 23. Qxd8 Raxd8 24. Bc2 Ne5 25. 0-0-0 d5 26. f4 Nc4 27. Nxc4 dxc4 28. Rxd8 Rxd8 29. g4 fxg4 30. Bxe4 g3 31. f5 Bf7 32. Rg1 Rg8 33. Kd2 Rg4 34. Ke3 Rh4 35. Rxg3 Rxh6 36. Kd4 Rf6 37. Ke5 Rb6 38. Bd5 Bxd5 39. Kxd5 h6 40. Ke5 Kh7 41. f6 Rb7 42. Ke6 Rb6+ 43. Kf5 Rb7 44. Re3 h5 45. Re7+ 1-0

[Event "Titled Tuesday intern op 15th Aug Early"]
[Site "Chess.com INT"]
[Date "2023.08.15"]
[Round "11"]
[White "Ghosh, Chanchal Kumer"]
[Black "Kohler, Aran"]
[Result "1-0"]
[WhiteElo "2050"]
[BlackElo "2011"]
[PlyCount "55"]
[EventDate "2023.08.15"]
[EventType "swiss (blitz)"]
[EventRounds "11"]
[EventCountry "USA"]
[SourceTitle "EXT 2024"]
[Source "ChessBase"]
[SourceDate "2023.10.10"]
[SourceVersion "1"]
[SourceVersionDate "2023.10.10"]
[SourceQuality "1"]

1. e4 c6 2. Nf3 g6 3. Nc3 Bg7 4. d4 d6 5. h3 Nd7 6. Be2 Qc7 7. Be3 Ngf6 8. 0-0 0-0 9. Qd2 Re8 10. Bh6 Bh8 11. Rfe1 e5 12. Rad1 exd4 13. Nxd4 Nc5 14. Bf3 Be6 15. b4 Na6 16. a3 Rad8 17. Bg5 Rd7 18. Qf4 Qd8 19. b5 Nb8 20. Qh4 d5 21. e5 c5 22. Nxe6 Rxe6 23. exf6 d4 24. Rxe6 dxc3 25. Rxd7 Qxd7 26. Re7 Qxb5 27. Rxb7 Qe8 28. Re7 1-0

[Event "Titled Tuesday intern op 15th Aug Late"]
[Site "Chess.com INT"]
[Date "2023.08.15"]
[Round "2"]
[White "Gurevich, Dmitry"]
[Black "Kohler, Aran"]
[Result "1-0"]
[WhiteElo "2371"]
[BlackElo "2011"]
[PlyCount "65"]
[EventDate "2023.08.15"]
[EventType "swiss (blitz)"]
[EventRounds "11"]
[EventCountry "USA"]
[SourceTitle "EXT 2024"]
[Source "ChessBase"]
[SourceDate "2023.10.10"]
[SourceVersion "1"]
[SourceVersionDate "2023.10.10"]
[SourceQuality "1"]

1. d4 d5 2. c4 c6 3. e3 Nf6 4. Nf3 Bf5 5. Nc3 e6 6. Bd3 Bxd3 7. Qxd3 dxc4 8. Qxc4 Nbd7 9. 0-0 Bd6 10. e4 e5 11. Rd1 Qc7 12. h3 0-0 13. Bg5 Nb6 14. Qb3 Nfd7 15. Rac1 Qb8 16. a4 exd4 17. Nxd4 Ne5 18. Nf5 Bc7 19. Ne2 Ng6 20. g3 Kh8 21. h4 f6 22. Be3 Ne5 23. Kg2 Qe8 24. f3 Rb8 25. Nf4 Rf7 26. Nd6 Bxd6 27. Rxd6 Nbd7 28. Rcd1 b6 29. Ne6 Nc5 30. Bxc5 bxc5 31. Qxb8 Qxb8 32. Rd8+ Rf8 33. Rxf8+ 1-0